Carregando...
Sahasrabdathinte Cinemakal (M)
| Autor principal: | |
|---|---|
| Formato: | Printed Book |
| Idioma: | Undetermined |
| Publicado em: |
Malappuram :
Frame Filim Society,
2005
|
| Assuntos: |
| LEADER | 00533nam a2200145Ia 4500 | ||
|---|---|---|---|
| 008 | 200324s9999 xx 000 0 und d | ||
| 082 | |a 791.437 |b SAJ-S | ||
| 100 | |a Sajeesh, N P Tr. | ||
| 245 | 0 | |a Sahasrabdathinte Cinemakal (M) | |
| 260 | |a Malappuram : |b Frame Filim Society, |c 2005 | ||
| 300 | |a 200p. | ||
| 650 | |a Run Lola Run-- Colour and Black and White-- Glumey Sunday | ||
| 942 | |c BK | ||
| 999 | |c 281174 |d 281174 | ||
| 952 | |0 0 |1 0 |4 0 |6 791_437000000000000_SAJS |7 0 |9 299720 |a SDE |b SDE |d 2009-09-19 |l 0 |o 791.437 SAJ-S |p SDE16841 |r 2020-03-27 |w 2020-03-27 |y BK | ||